Statistiques concernant Tout sur Harry Potter ( simple )

Cliquez ici pour prendre le quiz!

Statistiques générales

  • Ce quiz a été pris 242 fois
  • Le résultat moyen est 14 sur 15

Statistiques - réponses

QuestionRéponse% Correct
Comment s appelle le directeur a Poudlard ?Albus Dumbledore
100%
Quelle est la maison de Harry Potter ?Gryffondor
99%
Comment s appelle la foret près de Poudlard ?La Foret Interdite
99%
Comment s appelle le sport des sorciers ?le Quidditch
99%
Combien Arthur et Molly Weasley ont il d enfants ?7
98%
Qui est le garde chasse de Poudlard ?Hagrid
98%
Quelle est la particularité de Remus Lupin ?Loup Garou
98%
Qui est la pire ?Bellatrix
97%
Comment s appelle le fantôme de Serpentard ?le Baron Sanglant
96%
Qui est le professeur de potions ?Severus Rogue
95%
Qui est le meilleur ?Sirius
95%
Quelle est la date d anniversaire de Harry ?31 juillet
89%
Quelle est celle de Cédric Diggory ?Pouffsoufle
86%
Je hante les toilettes des filles. Qui suis je ?Mimi Geignarde
80%
Je suis le meilleur professeur de DCFM. Qui suis je ?Lupin
79%

Distribution des résultats

Percentile par nombre de réponses

% des personnes avec chaque résultat

Votre développement - résultats

Vous n’avez pas pris ce quiz